000 00784nam a2200205Ii 4500
003 JO-AjNU
008 230605s9999||||xx |||||||||||||| ||und||
017 _a2013/10/3622
040 _aJO-AjNU
_bara
_erda
_cJO-AjNU
041 _aara
050 1 4 _aDS63.6.N8734 2013
100 3 _aنسيبة، حازم زكي؛ تقديم قسطنطين زريق؛ ترجمة عبد اللطبف شرارة؛ مراجعة برهان دجاني ,
_eauthor
_951835
245 0 0 _aالقومية العربية فكرتها - نشأنها - تطورها
264 3 1 _aعمان: وزارة الثقافة، 2013
300 _a213ص
336 _atext
_btxt
_2rdacontent
337 _aunmediated
_bn
_2rdamedia
338 _avolume
_bnc
_2rdacarrier
650 4 _aالقومية العربية
_951836
999 _aA22926
_c26494
_d26494